El Monumento conocido por 'Torre de los Escipiones', en las cercanías de Tarragona / Cid Priego, Carlos
Descripción Física:
p. 137-169, 6 p. de làm. ; 26 cm
MARC
| LEADER | 00000nam a2200000Ia 4500 | ||
|---|---|---|---|
| 001 | 17554 | ||
| 008 | 160829s1948 xx 000 0 cat d | ||
| 080 | |a FU-2-28 | ||
| 100 | |a Cid Priego, Carlos |9 19791 | ||
| 245 | |a El Monumento conocido por 'Torre de los Escipiones', en las cercanías de Tarragona / Cid Priego, Carlos | ||
| 260 | |a Barcelona : |b [s.n.], |c 1948 | ||
| 300 | |a p. 137-169, 6 p. de làm. ; |c 26 cm | ||
| 590 | |a Separata de: Ampurias, IX-X. | ||
| 590 | |a Prové de R.168 del currículum per la plaça de conservador del Museu Arqueològic, 1957 | ||
| 650 | |a Monuments funeraris |x Tarragona |9 47167 | ||
| 650 | |a Torre dels Escipions |9 47168 | ||
| 856 | 4 | |u https://media.diba.cat/diba/fitxers/arxiu/fulletons/bib_17554_baixa.pdf |y Accés lliure | |
| 856 | 4 | |u https://media.diba.cat/diba/fitxers/arxiu/fulletons/bib_17554_baixa.pdf |y Accés lliure | |
| 901 | |a Arxiu | ||
| 942 | |n 1 |2 udc | ||
| 952 | |0 0 |1 0 |4 0 |6 FU228 |7 1 |9 53709 |a Arxiu |b Arxiu |d 2016-12-01 |l 0 |o FU-2-28 |p 17554 |r 2016-12-01 00:00:00 |w 2016-12-01 |y ARXIU | ||
| 999 | |c 57575 |d 57575 | ||
| 900 | |a bib_17554_baixa.pdf | ||